| 000 | 01165cam a22002891i 4500 | ||
|---|---|---|---|
| 003 | SA-RiAUC | ||
| 005 | 20241007063911.0 | ||
| 008 | 241005s1988 jo g b 000 0dara c | ||
| 040 |
_aOM-MuSQU _bara _cSA-RiAUC _erda |
||
| 082 | 0 | 4 | _a189.17 |
| 090 |
_a189.17 _bع ل ق |
||
| 100 | 1 |
_aعلقم، حسن عبد الرحمن _eمؤلف. |
|
| 245 | 1 | 2 |
_aالجوانب الفلسفية في كتابات ابن السيد البطليوسي / _cتأليف حسن عبد الرحمن علقم. |
| 250 | _aالطبعة الأولى. | ||
| 264 | 1 |
_aعمان، الأردن : _bدار البشير، _c1988 |
|
| 300 |
_a214 صفحة ؛ _c24 سم |
||
| 336 |
_aنص _btxt _2rdacontent _3كتاب |
||
| 337 |
_aبدون وسيط _bn _2rdamedia |
||
| 338 |
_aمجلد _bnc _2rdacarrier |
||
| 504 | _aببليوجرافية : صفحة 201-211. | ||
| 590 | _aأسماء. | ||
| 600 | 1 | 7 |
_aالبطليوسي، عبد الله بن محمد بن السيد، _d444-521 هجري _xفلسفة _2aucnm |
| 650 | 7 |
_aالفلسفة الإسلامية _zالأندلس _2aucsh |
|
| 942 |
_2ddc _cBOOK _n0 |
||
| 949 |
_aSA-JeALM _d241005 _umohamedma123 _n1 |
||
| 999 |
_c961 _d961 |
||